000 00417nam a2200157Ia 4500
005 20240807062139.0
008 240806s9999||||xx |||||||||||||| ||eng||
041 _aeng
082 _a891.4309
_bSINS
100 _aSingh Dr. Prem Kumari
245 0 _aSahitya shastreey sampradayo ke moolkoot tatv /
_cSingh Dr. Prem Kumari
260 _bAkshayavat Prakashan All.
300 _a200
650 _aSanskrit
942 _cBK
999 _c9901
_d9901